[Event "Noviki-A"]
[Site "Budapest"]
[Date "1990.??.??"]
[Round "1"]
[White "Farago, Ivan"]
[Black "Kallai, Gabor"]
[Result "1/2-1/2"]
[WhiteElo "2475"]
[BlackElo "2420"]
[Annotator "Ftacnik,L"]
[PlyCount "51"]
[EventDate "1990.??.??"]
[EventType "tourn"]
[EventRounds "11"]
[EventCountry "HUN"]
[EventCategory "9"]
[SourceTitle "CBM 019"]
[Source "ChessBase"]
[SourceDate "1990.12.01"]
[SourceVersion "1"]
[SourceVersionDate "1990.12.01"]
[SourceQuality "1"]

1. d4 d5 2. c4 dxc4 3. Nf3 c5 4. d5 e6 5. Nc3 exd5 6. Qxd5 Qxd5 7. Nxd5 Bd6 8.
Nd2 Nc6 9. Nxc4 Bb8 10. e4 (10. Be3 Be6 11. O-O-O Nge7 12. Nxe7 Nxe7 13. b3 b5
14. Na3 $13 {Bareev,E-Garcia_Palermo/Aosta/1989/}) (10. Bf4 Bxf4 11. Nxf4 Nf6
$10 {Razuvajev-Fedorov/Beograd GMA-op/1988/ ->CBM 10}) 10... Nd4 11. Bd3 Ne7
12. Be3 Be6 13. O-O-O {N} (13. O-O Nec6 14. a4 O-O 15. Rad1 f5 16. f3 Rd8 17.
Bb1 $14 {Greenfeld,A-Lev,R/Beersheba/1988/ ->CBM 09}) 13... Nxd5 $1 14. exd5
Bxd5 15. Bxd4 cxd4 16. Rhe1+ Kf8 (16... Be6 17. Bf5 $16) 17. Bf1 Bf4+ (17...
Bxh2 18. Rxd4 Bxc4 19. Bxc4 {/\ Rd7, g3}) 18. Kb1 Bxc4 19. Bxc4 Rd8 20. Re4 g5
(20... Bxh2 $2 21. g3 h5 22. Rh4 $18) 21. g3 Bc7 22. Rdxd4 Rxd4 23. Rxd4 Ke7
24. h4 h6 25. hxg5 hxg5 26. Re4+ {Ftacnik,L} 1/2-1/2

[Event "Parnu-B"]
[Site "Parnu"]
[Date "1996.02.04"]
[Round "3"]
[White "Veingold, Aleksandr"]
[Black "Gyimesi, Zoltan"]
[Result "1-0"]
[WhiteElo "2425"]
[BlackElo "2545"]
[Annotator "Ftacnik,L"]
[PlyCount "47"]
[EventDate "1996.02.??"]
[EventType "tourn"]
[EventRounds "9"]
[EventCountry "EST"]
[EventCategory "10"]
[SourceTitle "CBM 052"]
[Source "ChessBase"]
[SourceDate "1996.06.01"]
[SourceVersion "1"]
[SourceVersionDate "1996.06.01"]
[SourceQuality "1"]

1. d4 d5 2. Nf3 c5 3. c4 dxc4 4. Nc3 e6 5. e4 cxd4 6. Nxd4 a6 7. Bxc4 b5 8. Bb3
Bb7 9. O-O b4 (9... Nc6 10. Nxc6 Qxd1 11. Rxd1 Bxc6 12. Be3 Nf6 (12... b4 $2
13. Ba4 Bxa4 14. Nxa4 $16) 13. f3 Be7 14. Rac1 O-O 15. Ne2 Rfc8 16. Nf4 Kf8 17.
e5 Ne8 18. Nd3 g5 19. Kf2 h5 20. Bc5 a5 21. a3 Ng7 22. Bxe7+ Kxe7 23. Nc5 $16 {
1-0 Makarov,M-Ibragimov,I/Smolensk/1991/ (53)}) 10. Ba4+ Nd7 11. Qb3 (11. Nce2
Bxe4 12. Ng3 Bd5 $13) 11... Ngf6 (11... Qc7 12. Rd1 Ngf6 (12... bxc3 13. Nxe6
fxe6 14. Rxd7 $18) 13. Nce2 Bd6 (13... Bxe4 14. Nxe6 fxe6 15. Qxe6+ $18) 14.
Ng3 $14) 12. Bg5 (12. e5 Nd5 (12... bxc3 13. exf6 Bd5 14. Qxd5 $1 exd5 15. Re1+
) 13. Ne4 $16) 12... Qb6 (12... bxc3 13. Qxb7 Rb8 14. Qxa6 (14. Qxd7+ $6 Qxd7
15. Bxd7+ Kxd7 16. bxc3 Nxe4 $15) 14... cxb2 15. Rab1 $16) (12... Qc8 13. Nce2
Nxe4 14. Rac1 Nec5 15. Qxb4 $16) 13. Bxf6 gxf6 14. Bxd7+ Kxd7 15. Rfd1 {
The bishops would normally compensate for the vulnerable pawn structure, but
the Kd7 is clearly out of place.} Bd6 (15... Kc8 16. a3 $16) 16. Na4 Qa5 17.
Nf5 $1 Bd5 $8 (17... exf5 18. Qxf7+ Kc8 (18... Kc6 19. Rac1+) 19. Qe6+ $18) 18.
exd5 exf5 19. Qc2 f4 (19... Ke7 20. Re1+ (20. Qc6 Rac8 21. Re1+ Be5 22. Qb7+
Rc7 23. Qb6 Qxb6 24. Nxb6 Kd6) 20... Kf8 21. Qxf5 Be5 22. Rxe5 fxe5 23. Qxe5
Rg8 24. Qd6+ Kg7 25. Nc5 $16) 20. Qc6+ Ke7 21. Re1+ Be5 22. Qb7+ Kd6 23. Nb6
Qb5 (23... Rab8 24. Nc4+ Kc5 25. Qc6+ Kd4 26. Rad1#) 24. Rac1 1-0

[Event "World Cup"]
[Site "Reykjavik"]
[Date "1991.??.??"]
[Round "12"]
[White "Khalifman, Alexander"]
[Black "Seirawan, Yasser"]
[Result "1-0"]
[WhiteElo "2630"]
[BlackElo "2615"]
[Annotator "Ftacnik,L"]
[PlyCount "85"]
[EventDate "1991.09.??"]
[EventType "tourn"]
[EventRounds "15"]
[EventCountry "ISL"]
[EventCategory "16"]
[SourceTitle "CBM 026"]
[Source "ChessBase"]
[SourceDate "1992.02.01"]
[SourceVersion "1"]
[SourceVersionDate "1992.02.01"]
[SourceQuality "1"]

1. d4 {Kortschnoj} d5 2. Nf3 c5 3. c4 dxc4 4. d5 e6 5. Nc3 exd5 6. Qxd5 Qxd5 7.
Nxd5 Bd6 8. Nd2 Ne7 9. Nxc4 Nxd5 10. Nxd6+ Ke7 11. Nxc8+ Rxc8 12. g3 Nb4 13.
Bh3 Rd8 14. O-O N8c6 15. Bg5+ {N} (15. Be3 b6 16. Rfc1 $14 {
Novikov-Mihalchishin/Lvov/1987/}) 15... f6 16. Be3 b6 (16... Nd4 $10 {Seirawan,
Y}) 17. Rfc1 a5 18. Bg2 a4 $2 (18... Ke6 $14) 19. a3 Nd5 20. Bxc5+ $1 bxc5 21.
Rxc5 Nd4 22. Rxd5 Rxd5 23. Bxd5 Rb8 (23... Nxe2+ 24. Kf1 Rd8 25. Bc6 Rd2 26.
Re1 $18) 24. e3 Ne2+ 25. Kf1 Rxb2 26. Be4 Nc3 (26... g6 27. Rb1 Ra2 28. Rb7+
$18) 27. Bxh7 Kd6 28. Bd3 Rd2 29. Bc4 Ne4 30. Ra2 Kc5 31. Be6 Kb5 32. Rxd2
Nxd2+ 33. Ke2 Nb1 34. Kd3 Nxa3 35. h4 (35. Ba2 Kb4) 35... Kc5 36. Bd7 Nb5 (
36... Kb4 37. Ke4 $18) 37. Bxb5 Kxb5 38. g4 Kb4 39. Kc2 Kc4 40. h5 Kd5 41. f4
Ke4 42. Kb2 f5 (42... Kxe3 43. g5 Kxf4 44. h6 $18) 43. g5 {Ftacnik,L} 1-0

[Event "Bad Lauterberg Bohemia"]
[Site "Bad Lauterberg"]
[Date "1991.11.16"]
[Round "11"]
[White "Knaak, Rainer"]
[Black "Soffer, Ram"]
[Result "1-0"]
[WhiteElo "2535"]
[BlackElo "2450"]
[Annotator "Ftacnik,L"]
[PlyCount "123"]
[EventDate "1991.11.05"]
[EventType "tourn"]
[EventRounds "11"]
[EventCountry "GER"]
[EventCategory "10"]
[SourceTitle "CBM 027"]
[Source "ChessBase"]
[SourceDate "1992.04.01"]
[SourceVersion "1"]
[SourceVersionDate "1992.04.01"]
[SourceQuality "1"]

1. d4 d5 2. c4 dxc4 3. Nf3 c5 4. Nc3 cxd4 5. Qxd4 Qxd4 6. Nxd4 Bd7 7. e4 (7.
Ndb5 Na6 8. e4 Nf6 9. f3 e5 (9... Bxb5 10. Nxb5 e5 11. Be3 Bb4+ 12. Kf2 Ke7 13.
Bxc4 $14 {Kasparov,G-Seirawan,Y/Thessaloniki olm/1988/}) 10. Be3 Be6 11. Bxa7 (
11. Kf2 Bb4 12. Nxa7 Ke7 13. Nab5 $14 {Kachar,V-Maliutin,E/Moscow/1989/}) 11...
Bb4 12. Be3 Ke7 13. Kf2 $14 {Sakaev,K-Maliutin,E/Sochi/1990/}) 7... e5 (7...
Nc6 8. Nxc6 Bxc6 9. Bxc4 e6 10. f3 Bc5 11. Ke2 Nf6 $10 {Yuferov,S-Maliutin,E/
Moscow/1990/}) 8. Ndb5 Na6 9. Bxc4 Rc8 (9... Bc5 {Knaak} 10. Be3 $16) (9... Nf6
{Knaak} 10. Bg5 $16) 10. Be2 (10. Bd5 Nb4 $22 11. Bxb7 Rb8 $17) 10... Nb4 (
10... Bc5 11. Be3 $22 Bxe3 12. Nd6+ $16) (10... Bb4 {Knaak} 11. Be3 Bxb5 12.
Bxb5+ Ke7 13. Bd2 {+/=/+/-}) 11. Nxa7 $1 Nc2+ (11... Ra8 12. Nab5 Nc2+ 13. Kd1
Nxa1 14. Nc7+ Kd8 15. Nxa8 $16) (11... Rc5 {Knaak} 12. Kd1 $16) 12. Kd2 (12.
Kd1 $2 {Knaak} Rxc3 $1 13. bxc3 Nxa1 14. Nb5 Bc5 15. f3 Nf6 16. Bb2 O-O 17.
Bxa1 Ra8 $17 {קa2}) 12... Nxa1 (12... Rxc3 {Knaak} 13. bxc3 Nxa1 14. Bb2 $16)
13. Nxc8 Bxc8 14. Bd3 Bc5 (14... Be6 15. Ke2 Nb3 16. axb3 Bxb3 17. Be3 Nf6 18.
Ra1 $16) 15. Ke2 Ne7 (15... Be6 16. Be3 Bxe3 17. Kxe3 Nb3 18. axb3 Bxb3 19. Ra1
$16) 16. Be3 Nb3 17. axb3 Bxe3 18. Kxe3 Nc6 19. Bc4 Ke7 20. Nd5+ Kd6 21. Rd1
Nd4 22. Nb4 (22. f4 $5) 22... Ke7 (22... Kc5 23. Nd3+ Kd6 24. Nxe5 Kxe5 25. f4+
$18) 23. f4 f6 24. fxe5 fxe5 25. Nd3 Rd8 (25... Kd6 26. Nxe5 Kxe5 27. Rxd4 $18)
(25... Nc6 26. Bd5) 26. Rf1 (26. Nxe5 Nc2+ 27. Ke2 Rxd1 28. Kxd1 Ne3+ 29. Kd2 (
29. Ke2 {Knaak} Nxg2 $10) 29... Nxg2 $14) 26... Be6 27. Bxe6 (27. Nxe5 Nxb3 (
27... Nc2+ {Knaak} 28. Ke2 Nd4+ 29. Kf2 $13)) 27... Kxe6 28. Nc5+ Ke7 29. Nxb7
Nc2+ (29... Rb8 30. Nc5 Nxb3 (30... Rb5 {Knaak} 31. Nd3 Rxb3 32. Rc1 $16) 31.
Nd3 $16) 30. Ke2 Nd4+ 31. Kd3 $1 Rc8 (31... Rd7 32. Nc5 Rc7 33. b4 $18) (31...
Rb8 {Knaak} 32. Na5 $1 Rb5 33. b4 Rxb4 34. Kc3 $16) 32. Rf7+ $1 Kxf7 33. Nd6+
Ke6 34. Nxc8 Nxb3 35. Nb6 Nc5+ 36. Ke3 Nb3 37. Nc4 g5 38. Nd2 Nc5 39. b3 h5 40.
h3 Na6 41. Kd3 Kd6 42. Kc4 Nc5 43. b4 Ne6 44. Nf1 Nf4 45. Ne3 Kc6 46. b5+ Kd6
47. Kb4 Nd3+ 48. Ka5 Kc5 49. b6 Kc6 (49... Nb4 {Knaak} 50. Nd5 Nc6+ 51. Ka6
Nb8+ 52. Kb7 Nc6 53. Kc7 $18) 50. Ka6 Nc5+ 51. Ka7 Nb7 52. Nc4 Nd8 53. Nxe5+
Kc5 54. g3 Kd4 55. Nf3+ Kxe4 56. Nxg5+ Ke3 57. Kb8 Nc6+ 58. Kc7 Na5 59. Ne6 Kf3
60. Nd4+ Kxg3 61. Nc6 Nb3 62. Kd6 1-0

[Event "Donner Memorial"]
[Site "Amsterdam"]
[Date "1995.??.??"]
[Round "8"]
[White "Piket, Jeroen"]
[Black "Granda Zuniga, Julio E"]
[Result "1/2-1/2"]
[WhiteElo "2625"]
[BlackElo "2605"]
[Annotator "Giese"]
[PlyCount "75"]
[EventDate "1995.08.??"]
[EventType "tourn"]
[EventRounds "11"]
[EventCountry "NED"]
[EventCategory "16"]
[SourceTitle "CBM 049"]
[Source "ChessBase"]
[SourceDate "1995.12.01"]
[SourceVersion "1"]
[SourceVersionDate "1995.12.01"]
[SourceQuality "1"]

1. d4 d5 2. c4 dxc4 3. Nf3 a6 4. e4 b5 5. a4 Bb7 6. Nc3 b4 7. Bxc4 e6 8. Qb3
Nd7 9. Ng5 Qe7 10. Ne2 Nb6 11. Bd3 h6 12. Nf3 Nf6 13. Ng3 c5 14. e5 Nfd7 15.
Be4 Nd5 16. Be3 cxd4 17. Bxd4 Nc5 18. Bxc5 Qxc5 19. O-O Rc8 20. Nh5 Qc4 21.
Qxc4 Rxc4 22. Nd2 Rd4 23. Rfd1 b3 24. Bf3 Rb4 25. Ne4 a5 26. h3 Bc8 27. Rac1
Bd7 28. Nef6+ $5 $10 {[%csl Gc1,Gd1,Rd5,Rd7] a typical attack against the
uncastled king ein typischer Angriff gegen den König in der Mitte} gxf6 29.
Bxd5 fxe5 $1 (29... exd5 30. Nxf6+ Ke7 31. Rc7 Ke6 32. Rxd7 {[%csl Rd5]} Rxa4 (
32... Kxe5 33. Ng4+ Ke6 34. R7xd5 $18 {[%csl Ra5][%cal Yd5e5]}) 33. R1xd5 {
[%cal Yg2g4,Yf2f4,Yf4f5] +/-/+-}) 30. Bf3 (30. Nf6+ Ke7 31. Nxd7 Kxd7 $1 32.
Bc6+ (32. Bf3+ Bd6 $1 33. Rc5 Rxa4 34. Rxe5 $17) 32... Ke7 33. Rd7+ Kf6 34. Rc3
Be7 35. Rf3+ Rf4 36. Rxb3 Rd8 $10) 30... Rd4 31. Rc7 (31. Nf6+ Ke7 32. Nxd7
Kxd7 33. Rc3 $15) 31... Be7 32. Ra7 Bd8 33. Ng7+ Kf8 34. Rxd7 Kxg7 35. R1xd4
exd4 36. Rxd4 Bf6 37. Rg4+ Kf8 38. Bd1 1/2-1/2

[Event "Capablanca Memorial Elite 30th"]
[Site "Matanzas"]
[Date "1995.??.??"]
[Round "7"]
[White "Arencibia, Juan Joel"]
[Black "Lima, Darcy Gustavo Macha"]
[Result "1-0"]
[WhiteElo "2435"]
[BlackElo "2505"]
[Annotator "Hecht,H"]
[PlyCount "94"]
[EventDate "1995.05.??"]
[EventType "tourn"]
[EventRounds "13"]
[EventCountry "CUB"]
[EventCategory "11"]
[SourceTitle "CBM 048"]
[Source "ChessBase"]
[SourceDate "1995.10.01"]
[SourceVersion "1"]
[SourceVersionDate "1995.10.01"]
[SourceQuality "1"]

1. d4 d5 2. c4 dxc4 3. Nf3 c5 4. e3 cxd4 5. exd4 Be6 6. Nc3 Nf6 7. Be2 Nc6 8.
O-O Nd5 9. Re1 Nxc3 10. bxc3 Bd5 11. Nd2 b5 12. a4 a6 13. Bf3 Rc8 14. axb5 axb5
15. Rb1 Rb8 16. Nxc4 bxc4 17. Rxb8 Nxb8 18. Qa4+ Nc6 19. Bxd5 Qxd5 20. Re5 Qd6
21. Ba3 Qg6 22. h3 h5 23. d5 Rh6 24. d6 Qb1+ 25. Kh2 Qb7 26. dxe7 Bxe7 27.
Rxe7+ Qxe7 28. Bxe7 Kxe7 {Q-R+N Blockade des weißen c-Freibauern durch R+N
R-Überlastung, bewegliche weiße Q+K} 29. Qxc4 Ke8 (29... h4 $5) 30. Qd5 Ke7 31.
h4 Ke8 32. c4 Ke7 33. Qg5+ Kf8 34. Kg1 Kg8 35. Qc5 Kh7 36. Qe3 Rf6 (36... Re6
37. Qf3 Kg6 38. Qd5 Ne5 39. f4 $18) 37. Qg5 Rh6 38. f3 Kg8 39. Kf2 Kf8 40. Kf1
Kg8 41. Qf5 Kf8 42. Qc8+ Ke7 43. Qg8 Rg6 44. Qh7 $1 Ne5 45. c5 Nd3 46. Qxh5
Rxg2 47. Qf5 Rf2+ $18 1-0

[Event "Pardubice"]
[Site "Pardubice"]
[Date "1994.??.??"]
[Round "7"]
[White "Khalifman, Alexander"]
[Black "Greenfeld, Alon"]
[Result "1-0"]
[WhiteElo "2645"]
[BlackElo "2600"]
[Annotator "Hecht,H"]
[PlyCount "67"]
[EventDate "1994.07.??"]
[EventType "tourn"]
[EventRounds "9"]
[EventCountry "CZE"]
[EventCategory "15"]
[SourceTitle "CBM 042"]
[Source "ChessBase"]
[SourceDate "1994.10.01"]
[SourceVersion "1"]
[SourceVersionDate "1994.10.01"]
[SourceQuality "1"]

1. d4 d5 2. Nf3 c5 3. c4 dxc4 4. Nc3 cxd4 5. Qxd4 Qxd4 6. Nxd4 Bd7 7. Ndb5 Kd8
8. Be3 Nc6 9. O-O-O Nf6 10. g4 e6 11. h3 Be7 12. Bg2 a6 13. Nd6 Bxd6 14. Rxd6
Kc7 15. Rhd1 h6 16. Na4 Nd5 17. R6xd5 exd5 18. Bf4+ Kd8 19. Nb6 Ke7 20. Nxd5+
Ke6 21. Nb6 Rad8 22. Bc7 Ke7 23. Bxd8+ Rxd8 24. Nxd7 Rxd7 25. Bxc6 Rxd1+ 26.
Kxd1 bxc6 27. Kd2 Kf6 (27... Kd6 28. Kc3 Kd5 (28... Kc5 29. e4 g5 30. a3 f6 31.
f3 a5 32. a4 $18) 29. Kb4 c5+ 30. Ka5 c3 31. bxc3 Kc4 32. Kxa6 Kxc3 33. Kb5 c4
34. f4 Kd4 35. Kb4 c3 36. Kb3 $18) 28. f4 Ke6 29. e4 g5 30. Ke3 c5 31. Kf3 Kd6
32. h4 gxh4 (32... f6 33. e5+ fxe5 34. fxg5 hxg5 35. hxg5 $18) 33. Kg2 Kc6 34.
Kh3 (34. Kh3 Kb5 35. Kxh4 Kb4 36. e5 c3 37. bxc3+ Kxc3 38. f5 c4 39. e6 fxe6
40. fxe6 Kb2 41. e7 c3 42. e8=Q c2 43. Qh8+ Kb1 44. Qxh6 $18) 1-0

[Event "Katrineholm"]
[Site "Katrineholm"]
[Date "1995.??.??"]
[Round "?"]
[White "Cramling, Pia"]
[Black "Hartman, Christer"]
[Result "1-0"]
[WhiteElo "2510"]
[BlackElo "2345"]
[Annotator "Hecht,H"]
[PlyCount "95"]
[EventDate "1995.04.??"]
[EventType "tourn"]
[EventRounds "9"]
[EventCountry "SWE"]
[EventCategory "9"]
[SourceTitle "CBM 049"]
[Source "ChessBase"]
[SourceDate "1995.12.01"]
[SourceVersion "1"]
[SourceVersionDate "1995.12.01"]
[SourceQuality "1"]

1. d4 d5 2. Nf3 c5 3. c4 dxc4 4. Nc3 e6 5. e4 cxd4 6. Nxd4 e5 7. Nf3 Qxd1+ 8.
Kxd1 Bg4 9. Nb5 Na6 10. Bxc4 Nf6 11. Nc3 Rd8+ 12. Ke2 Bb4 13. h3 Bxc3 14. hxg4
Bd4 15. Nxd4 Rxd4 16. Bxa6 bxa6 17. f3 Ke7 18. Be3 Rc4 19. Rac1 Rhc8 20. Rxc4
Rxc4 21. Kd3 Rc7 22. g5 Nd7 23. Rxh7 g6 24. Rh8 Nc5+ 25. Bxc5+ Rxc5 26. Rb8 Rc7
27. Rb3 Kd6 28. Kd2 Ke6 29. Rd3 Rc8 30. Rc3 Rb8 31. Kc2 Kd6 32. Ra3 Rb6 33.
Rd3+ Ke6 34. Rb3 Kd6 35. Rc3 Kd7 36. Rc5 Kd6 37. Rd5+ Ke6 38. Rd3 Rb7 39. Rb3
Rb6 40. Rxb6+ axb6 {B-B  ideeller weißer Mehrbauer. Nach Plan g3+f4 führt
Tausch auf f4 zum realen weißen Mehrbauern oder Nichttausch zum Verlust von
Be5 und Partie infolge Zugzwang.} 41. Kc3 Kd6 42. Kb4 Kc6 43. a4 Kd6 (43... a5+
44. Kc4 Kd6 45. Kb5 Kc7 46. g3 Kb7 47. f4 Kc7 48. fxe5 Kb7 49. Kc4 Kc6 50. b3
Kc7 51. Kd5 Kd7 52. e6+ fxe6+ 53. Ke5 Ke7 54. g4 $18) 44. a5 b5 45. g3 Kc6 46.
f4 Kd6 47. fxe5+ Kc6 48. b3 1-0

[Event "Capablanca Memorial Elite 33rd"]
[Site "Havana"]
[Date "1998.05.07"]
[Round "1"]
[White "Bacrot, Etienne"]
[Black "Arencibia Rodriguez, Walter"]
[Result "1/2-1/2"]
[WhiteElo "2565"]
[BlackElo "2535"]
[Annotator "Huzman,A"]
[PlyCount "77"]
[EventDate "1998.05.07"]
[EventType "tourn"]
[EventRounds "11"]
[EventCountry "CUB"]
[EventCategory "12"]
[SourceTitle "CBM 065"]
[Source "ChessBase"]
[SourceDate "1998.08.06"]
[SourceVersion "1"]
[SourceVersionDate "1998.08.06"]
[SourceQuality "1"]

1. d4 d5 2. Nf3 e6 3. c4 dxc4 4. e4 b5 5. a4 c6 6. axb5 cxb5 7. b3 Nf6 8. bxc4
Nxe4 (8... bxc4 9. e5 Ne4 10. Bxc4 Bb4+ 11. Ke2 O-O 12. Ba3 Qb6 13. Bxb4 Qxb4
14. Qb3 Nc6 15. Qxb4 Nxb4 16. Ra5 {[%csl Re4]} f5 17. Rc1 $16 {1-0 Cvitan,
O-Lane,G/Cappelle op 1995 (37)}) 9. c5 Bxc5 $1 10. Bxb5+ (10. dxc5 $5 Qxd1+ 11.
Kxd1 Nxf2+ 12. Ke1 Nxh1 13. Nc3 Nc6 14. Nxb5 Ke7 15. Bf4 $44) 10... Bd7 11.
Bxd7+ Qxd7 12. dxc5 Qxd1+ 13. Kxd1 Nxf2+ 14. Ke2 Nxh1 15. Bf4 $1 {[%cal Gf4b8,
Gf4d6,Gd6f8]} (15. Be3 Nc6 16. Nbd2 Ke7 17. Rxh1 f6 18. Nd4 Nxd4+ 19. Bxd4 Rhb8
20. Ra1 $14 {Yermolinsky,A-Kupreichik,V/URS-FL 1987/1/2-1/2 (62)}) 15... Nc6
16. Bd6 f6 17. Nc3 Kd7 18. Rxh1 $14 e5 19. Rb1 {[%cal Gb1b7,Gb7h7]} Kc8 {
[%cal Yh8d8,Yd8d7,Yd7b7]} 20. Kd3 $1 {[%cal Gd3c4,Gc4d5]} Rd8 21. Kc4 Rd7 22.
Kd5 Ne7+ $1 23. Ke6 Nc6 {[%cal Yd7b7]} 24. Ra1 $1 Kd8 {[%cal Ya8c8]} (24... Rb7
25. Na4 $1 (25. Nd5 Nd8+ 26. Kf5 Kd7 $15) (25. Ra6 Nb4 26. Ra5 Nc6 $11) 25...
Na5 $1 (25... e4 26. Nd2 Nd4+ 27. Kd5 Nc2 28. Rc1 Ne3+ 29. Kxe4 $16) 26. Kd5
Rb3 27. Ra2 Rd3+ (27... Kd8 28. Nb2 Nb7 29. Nc4 $36) 28. Ke4 Rb3 29. Nb2 Nc6
30. Nc4 Kb7 $11) 25. g4 $1 {[%cal Gg4g5]} Rc8 26. g5 fxg5 (26... Nd4+ 27. Nxd4
exd4 28. Nb5 $16) 27. Rg1 (27. Nxg5 $1 Ke8 28. Rf1 Nd8+ 29. Kd5 Rxd6+ (29...
Rxc5+ 30. Kxc5 Nb7+ 31. Kc6 Nxd6 32. Rd1 h6 (32... Rd8 33. Ne6 $18) 33. Ne6 Ke7
34. Nxg7 $18) (29... Nf7 30. Nce4 $1 $16 {/+-}) 30. Kxd6 Nb7+ 31. Kxe5 Rxc5+
32. Nd5 $16 {/+-}) (27. Rf1 $5 $16) 27... Ke8 28. Ne4 (28. Nxe5 Nxe5 29. Kxe5
h6 30. Kd5 $14 {/+/-}) 28... Rf7 29. Bxe5 $2 (29. Nfxg5 Rb7 30. Nxh7 $16) 29...
Nxe5 (29... Nd8+ 30. Kd5 Rxf3 31. Nd6+ Kd7 32. Nxc8 Kxc8 33. Rxg5 g6 $15 (33...
Nf7 $2 34. Rxg7 $11 Rf5 $140 $4 35. Rg8+ Kb7 36. c6+ Kb6 37. Rb8+ $18)) (29...
Rxf3 30. Bd6 (30. Nd6+ Kd8 31. Nb7+ $11)) 30. Kxe5 Kf8 $2 (30... Rxf3 31. Nd6+
Kd7 32. Nxc8 Kxc8 33. Rxg5 Rf7 $15) 31. Kd5 {I think that their is a mistake
in the text of the game.} (31. Nfxg5 Re7+ 32. Ne6+ Kg8 33. Kd6 $16) 31... Rf5+
32. Ke6 Rf4 33. Kd7 Re8 34. Nexg5 Re7+ 35. Kd6 Rf6+ 36. Kd5 Rf5+ 37. Kd6 Rf6+
38. Kd5 Rf5+ 39. Kd6 1/2-1/2

[Event "EU-Cup 18th"]
[Site "Kallithea"]
[Date "2002.09.24"]
[Round "3.2"]
[White "Ilincic, Zlatko"]
[Black "Marjanovic, Slavoljub"]
[Result "1/2-1/2"]
[WhiteElo "2532"]
[BlackElo "2485"]
[Annotator "Huzman,A"]
[PlyCount "82"]
[EventDate "2002.09.22"]
[EventType "team-swiss"]
[EventRounds "7"]
[EventCountry "GRE"]
[SourceTitle "CBM 092"]
[Source "ChessBase"]
[SourceDate "2003.02.06"]
[SourceVersion "1"]
[SourceVersionDate "2003.02.06"]
[SourceQuality "1"]
[WhiteTeam "Novi Sad"]
[BlackTeam "Northern CA of DEI"]
[WhiteTeamCountry "YUG"]
[BlackTeamCountry "GRE"]

1. d4 d5 2. c4 e6 3. Nf3 dxc4 4. e4 b5 5. a4 c6 6. b3 Bb4+ 7. Bd2 Bxd2+ 8. Qxd2
cxb3 9. axb5 Nf6 10. Nc3 O-O 11. Ne5 (11. Bd3 cxb5 (11... e5 12. dxe5 Nfd7 13.
Bc4 Qe7 14. O-O Nxe5 15. Nxe5 Qxe5 16. Bxb3 Bb7 17. f4 Qc5+ 18. Kh1 cxb5 19. f5
Nc6 20. f6 Rfd8 21. Nd5 $40 {1-0 Thorfinnsson,B-Gretarsson,H/Seltjarnarnes ISL
2002/(46)}) 12. e5 Nd5 13. Nxd5 (13. Nxb5 a5 14. O-O a4 15. Ng5 f5 16. exf6
gxf6 17. Ne4 Nc6 18. Nc5 Ncb4 19. Nxb3 Rb8 20. Nc5 Bd7 21. Nc3 $16 {0-1 Mainka,
G-Loeffler,S/Germany 1994/GER-chT (35)}) (13. Ne4 Nc6 14. O-O Ncb4 15. Bxb5 Nc2
16. Ra4 Rb8 {1/2-1/2 Tisdall,J-Khenkin,I/Osterskars 1995/EXT 97 (16)}) 13...
exd5 14. O-O a5 15. Rfb1 b4 16. Rxb3 Ba6 17. Bb1 Nd7 18. Ng5 h6 19. Qc2 f5 20.
Ne6 Qb6 21. Nxf8 Rxf8 22. Qb2 Nb8 23. Rf3 Nc6 24. Bd3 Nxd4 25. Rg3 $13 {
1-0 Radjabov,T-Volzhin,A/Saint Vincent 2001/CBM 80 ext (32)}) (11. Qb2 Bb7 12.
e5 Nd5 13. Qxb3 cxb5 14. Bxb5 Nf4 15. Be2 Nxe2 16. Nxe2 Bd5 17. Qe3 Nc6 $17 {
0-1 Laketic,G-Ortega,L/Porto San Giorgio ITA 2002/(27)}) 11... cxb5 (11... Bb7
$5 12. f3 Qc7 13. Rc1 Rc8 $13) 12. Bxb5 Qb6 (12... Bb7 $5 13. f3 Qb6 14. Nc4
Qc7 15. Na5 Rc8 $36) 13. Nc4 Qc7 14. e5 Nd5 (14... Nfd7 15. Nd6 Nb6 16. O-O $44
) 15. Nxd5 exd5 16. Ne3 (16. Nd6 Bd7 17. O-O Bxb5 18. Nxb5 Qb6 19. Nc3 Nc6 $17)
16... Bd7 17. Be2 Be6 18. O-O Nc6 19. Rfb1 Rab8 (19... Qb6 20. Ra4 Rfb8 21. Rb2
$11 {[%cal Ge2d1,Gd1b3]} (21. Bd1 b2)) 20. Ra4 (20. Bd1 Rb4 $17) 20... f6 (
20... Rb6 $1 21. Bd1 Rfb8 22. Ra3 b2 $17) 21. exf6 Rxf6 22. Bd1 $11 Rbf8 23. f3
Rh6 24. g3 Kh8 25. Rxb3 $14 {[%csl Ra7,Rd5]} Rhf6 26. Rb5 Qd7 27. Rc5 Bg8 28.
f4 {[%cal Gd1f3,Gf3d5]} Be6 29. Qc3 $1 (29. Ra6 $5 Ne7 (29... Nb8 30. Raa5 $16
{[%csl Rd5]}) 30. Qa5 Qe8 31. Qc3 Qb8 32. Qb3 $16) 29... Bh3 30. Rxd5 Qf7 31.
Rh5 Bd7 32. d5 Ne7 33. Rxa7 $18 Nf5 34. Nxf5 Rxf5 35. Rxf5 (35. Bg4 $1 Rxh5 (
35... Rxf4 36. gxf4 Qxf4 37. Bf5 $1 $18) 36. Rxd7 $18) 35... Qxf5 36. Ba4 $2 (
36. Bf3 $18) 36... Qb1+ $11 37. Kf2 Qb6+ 38. Qe3 Qb2+ 39. Qe2 (39. Kf3 Bh3 40.
Qe7 (40. Qf2 Bg4+ 41. Kg2 Bh3+ $11) 40... Qg2+ 41. Ke3 Qg1+ 42. Kf3 Qf1+ $11)
39... Qb6+ 40. Qe3 Qb2+ 41. Qe2 Qb6+ 1/2-1/2